Un compte à rebours difficile #5 - Statistiques

Statistiques générales
  • Ce quiz a été pris 95 fois
  • Le résultat moyen est 7 sur 16
Statistiques - réponses
# % Correct
94
100%
88
93%
82
89%
76
81%
70
79%
64
73%
58
64%
52
55%
46
37%
40
28%
34
12%
28
9%
16
8%
22
8%
10
5%
4
4%
Aucun quiz correspondant
Distribution des résultats
% des personnes avec chaque résultat
Percentile par nombre de réponses
Votre historique - résultats
Vous n’avez pas pris ce quiz